Gáspár László A szubjektumok termelése c. doktori értekezésének nyilvános vitája

Elmentve itt :
Bibliográfiai részletek
Szerzők: Simon Péterné
Gáspár László
Dokumentumtípus: Cikk
Megjelent: 1985
Sorozat:Magyar pedagógia : a Magyar Tudományos Akadémia Pedagógiai Bizottságának folyóirata 85 No. 3
Kulcsszavak:Doktori értekezés vita
Online Access:http://misc.bibl.u-szeged.hu/13375
LEADER 00755nab a2200193 i 4500
001 misc13375
005 20191106141431.0
008 170607s1985 hu o 0|| hun d
022 |a 0025-0260 
040 |a SZTE Miscellanea Repozitórium  |b hun 
041 |a hun 
100 1 |a Simon Péterné 
245 1 0 |a Gáspár László A szubjektumok termelése c. doktori értekezésének nyilvános vitája  |h [elektronikus dokumentum] /  |c  Simon Péterné 
260 |c 1985 
300 |a 330-332 
490 0 |a Magyar pedagógia : a Magyar Tudományos Akadémia Pedagógiai Bizottságának folyóirata  |v 85 No. 3 
695 |a Doktori értekezés vita 
700 0 1 |a Gáspár László  |e aut 
856 4 0 |u http://misc.bibl.u-szeged.hu/13375/1/mp_1985_003_330-332.pdf  |z Dokumentum-elérés